<?xml version="1.0" encoding="UTF-8"?>
<collection xmlns="http://www.loc.gov/MARC21/slim">
 <record>
  <leader>00991pamaa2200313   4500</leader>
  <controlfield tag="001">0000054863</controlfield>
  <controlfield tag="005">20190109090000.0</controlfield>
  <controlfield tag="007">  Monograph</controlfield>
  <controlfield tag="008">181210         Eng</controlfield>
  <datafield tag="020" ind1=" " ind2=" ">
   <subfield code="a">9780415616027 (pbk) </subfield>
  </datafield>
  <datafield tag="040" ind1=" " ind2=" ">
   <subfield code="a">TSAM</subfield>
  </datafield>
  <datafield tag="090" ind1="0" ind2="0">
   <subfield code="a">BF39 </subfield>
   <subfield code="b">HIN 2014</subfield>
  </datafield>
  <datafield tag="100" ind1="1" ind2="0">
   <subfield code="a">Hinton, Perry R </subfield>
  </datafield>
  <datafield tag="245" ind1="0" ind2="0">
   <subfield code="a">SPSS Explained  </subfield>
   <subfield code="c">Perry R. Hinton, Isabell McMurray and Charlotte Brownlow.</subfield>
  </datafield>
  <datafield tag="250" ind1=" " ind2="0">
   <subfield code="a">Second edition.</subfield>
  </datafield>
  <datafield tag="264" ind1=" " ind2="1">
   <subfield code="a">♭2014.</subfield>
  </datafield>
  <datafield tag="264" ind1=" " ind2="0">
   <subfield code="a">London, New York: </subfield>
   <subfield code="b">Routledge, </subfield>
   <subfield code="c">2014.</subfield>
  </datafield>
  <datafield tag="300" ind1=" " ind2=" ">
   <subfield code="a">xii, 170pages: </subfield>
   <subfield code="b">illustration ; colours; </subfield>
   <subfield code="c">24cm.</subfield>
  </datafield>
  <datafield tag="336" ind1=" " ind2=" ">
   <subfield code="a">text</subfield>
   <subfield code="2">rdacontent</subfield>
  </datafield>
  <datafield tag="337" ind1=" " ind2=" ">
   <subfield code="a">unmediated</subfield>
   <subfield code="2">rdamedia</subfield>
  </datafield>
  <datafield tag="338" ind1=" " ind2=" ">
   <subfield code="a">volume</subfield>
   <subfield code="2">rdacarrier</subfield>
  </datafield>
  <datafield tag="501" ind1="0" ind2="0">
   <subfield code="a">MBADI</subfield>
  </datafield>
  <datafield tag="504" ind1="0" ind2="0">
   <subfield code="a">Includes bibliographical reference and index</subfield>
  </datafield>
  <datafield tag="650" ind1="0" ind2="0">
   <subfield code="a">SPSS (Computer File) </subfield>
  </datafield>
  <datafield tag="650" ind1="0" ind2="0">
   <subfield code="a">Psychometrics -- </subfield>
   <subfield code="x">Computer programs </subfield>
  </datafield>
  <datafield tag="650" ind1="0" ind2="0">
   <subfield code="a">Social sciences -- </subfield>
   <subfield code="x">Statistical methods -- </subfield>
   <subfield code="y">Data processing </subfield>
  </datafield>
  <datafield tag="700" ind1="0" ind2="0">
   <subfield code="a">McMurray, Isabella </subfield>
  </datafield>
  <datafield tag="700" ind1="0" ind2="0">
   <subfield code="a">Brownlow, Charlotte </subfield>
  </datafield>
  <datafield tag="856" ind1=" " ind2=" ">
   <subfield code="u">www.routledge.com</subfield>
  </datafield>
 </record>
</collection>
